Computer communication A business perspective (Record no. 17621)
[ view plain ]
| 000 -LEADER | |
|---|---|
| fixed length control field | 00416nam a2200169Ia 4500 |
| 003 - CONTROL NUMBER IDENTIFIER | |
| control field | OSt |
| 005 - DATE AND TIME OF LATEST TRANSACTION | |
| control field | 20240309143918.0 |
| 008 - FIXED-LENGTH DATA ELEMENTS--GENERAL INFORMATION | |
| fixed length control field | 170619s9999 xx 000 0 und d |
| 020 ## - INTERNATIONAL STANDARD BOOK NUMBER | |
| International Standard Book Number | 9780071140713 |
| 040 ## - CATALOGING SOURCE | |
| Transcribing agency | IIMT ENGINEERING COLLEGE |
| 100 ## - MAIN ENTRY--PERSONAL NAME | |
| Personal name | Bearpark- Keith |
| 245 #0 - TITLE STATEMENT | |
| Title | Computer communication A business perspective |
| 260 ## - PUBLICATION, DISTRIBUTION, ETC. | |
| Name of publisher, distributor, etc. | Mc Graw Hill |
| 260 ## - PUBLICATION, DISTRIBUTION, ETC. | |
| Date of publication, distribution, etc. | 1996 |
| 546 ## - LANGUAGE NOTE | |
| Language note | ENGLISH |
| 942 ## - ADDED ENTRY ELEMENTS (KOHA) | |
| Source of classification or shelving scheme | |
| Koha item type | Text-Book- for 7 days |
| Withdrawn status | Lost status | Source of classification or shelving scheme | Damaged status | Not for loan | Home library | Current library | Date acquired | Source of acquisition | Total Checkouts | Barcode | Date last seen | Price effective from | Koha item type |
|---|---|---|---|---|---|---|---|---|---|---|---|---|---|
| IIMT Engineering College-BTech | IIMT Engineering College-BTech | 01/27/2005 | 1 | 06-B-12246 | 07/03/2017 | 07/03/2017 | Text-Book- for 7 days | ||||||
| IIMT Engineering College-BTech | IIMT Engineering College-BTech | 01/27/2005 | 1 | 06-B-12247 | 07/03/2017 | 07/03/2017 | Text-Book- for 7 days | ||||||
| IIMT Engineering College-BTech | IIMT Engineering College-BTech | 01/27/2005 | 1 | 06-B-12248 | 07/03/2017 | 07/03/2017 | Text-Book- for 7 days | ||||||
| IIMT Engineering College-BTech | IIMT Engineering College-BTech | 01/27/2005 | 1 | 06-B-12249 | 07/03/2017 | 07/03/2017 | Text-Book- for 7 days | ||||||
| IIMT Engineering College-BTech | IIMT Engineering College-BTech | 01/27/2005 | 1 | 06-B-12250 | 07/03/2017 | 07/03/2017 | Text-Book- for 7 days | ||||||
| IIMT Engineering College-BTech | IIMT Engineering College-BTech | 01/27/2005 | 1 | 06-B-12251 | 07/03/2017 | 07/03/2017 | Text-Book- for 7 days | ||||||
| IIMT Engineering College-BTech | IIMT Engineering College-BTech | 01/27/2005 | 1 | 06-B-12252 | 07/03/2017 | 07/03/2017 | Text-Book- for 7 days | ||||||
| IIMT Engineering College-BTech | IIMT Engineering College-BTech | 01/27/2005 | 1 | 06-B-12253 | 07/03/2017 | 07/03/2017 | Text-Book- for 7 days | ||||||
| IIMT Engineering College-BTech | IIMT Engineering College-BTech | 01/27/2005 | 1 | 06-B-12254 | 07/03/2017 | 07/03/2017 | Text-Book- for 7 days |

